000 00462nam a2200169Ia 4500
005 20250612165331.0
008 008 250505s9999 xx 000 0 eng d
020 _a9789393850713
040 _beng
_cILCL
041 _aeng
_2eng
100 _aKumar, H L
245 0 _aMake Your Will Yourself with Model Drafts
250 _a8
260 _aDelhi
_bLaw and Justice Publishing Company
_c2022
300 _axxiv,272p.
942 _cTB
_2Colon Classification
999 _c1311991
_d1311991